| 000 | 00578nam a2200205Ia 4500 | ||
|---|---|---|---|
| 003 | GCL | ||
| 008 | 140319s9999 xx 000 0 eng d | ||
| 040 |
_aGCL / _cGCL |
||
| 082 | 0 | 4 |
_a615.1076 _bD P |
| 100 | 1 | _aDIPALMA, JOSEPH R. | |
| 245 | 1 | 0 |
_aPHARMACOLOGY: PRE TEST SELF ASSESSMENT AND REVIEW / _cDIPALMA, JOSEPH R. |
| 700 | 1 | _aBARBIERI, EDWARD J. | |
| 700 | 1 | _aDIGREGORIO, G. J. | |
| 700 | 1 | _aFERKO, ANDREW P. | |
| 260 |
_a[S.N] : _bMC GRAW - HILL ، _c1993 |
||
| 300 | _a223 P | ||
| 650 | 0 | 4 | _aPHARMACOLOGY |
| 650 | 0 | 4 | _aPHARMACOLOGY - EXAMINATION |
| 942 |
_2ddc _cBK |
||
| 999 |
_c21118 _d21118 |
||